000 00734nam a2200229 i 4500
001 69764
003 ES-MaACL
005 20230906170617.0
007 t|
008 040709s1970 sp ||||1| spa d
080 _a811.14'367.625
100 1 _aGarcía Gual, Carlos.
_954728
245 1 3 _aEl sistema diatético en el verbo griego /
_cCarlos García Gual.
260 _aMadrid :
_bInstituto "Antonio de Nebrija",
_c1970.
300 _aXIX, 113 p. ;
_c25 cm.
490 1 _aManuales y anejos de "Eremita" ;
_v25
650 4 _aLengua griega-
_xVerbo.
_914253
710 2 _aInstituto Antonio de Nebrija.
_94795
830 1 _aManuales y anejos de "Eremita" ;
_v25
_9231012
852 4 _aES-MaACL
_jC-37444
999 _c69764
_d69764